|
|
|
|
| LEADER |
00000nam0a2200000 4500 |
| 001 |
268786 |
| 005 |
20231101234210.0 |
| 010 |
|
|
|a 9785424800924
|
| 035 |
|
|
|a (RuTPU)RU\TPU\book\291942
|
| 090 |
|
|
|a 268786
|
| 100 |
|
|
|a 20140909d2014 km y0rusy50 ca
|
| 101 |
0 |
|
|a rus
|
| 102 |
|
|
|a RU
|
| 105 |
|
|
|a y l 001zy
|
| 200 |
1 |
|
|a Правила устройства электроустановок в вопросах и ответах
|e пособие для изучения и подготовки к проверке знаний
|f сост. В. В. Красник
|
| 210 |
|
|
|a Москва
|c ЭНАС
|d 2014
|
| 215 |
|
|
|a 511 с.
|
| 320 |
|
|
|a Принятые сокращения: с. 494-497.
|
| 330 |
|
|
|a Рассмотрены основные положения Правил устройства электроустановок (ПУЭ) в виде вопросов и ответов. Пособие поможет специалистам в изучении ПУЭ при приеме на работу и при подготовке к проверке знаний, а также в повседневной практической работе. Для специалистов предприятий и организаций различных отраслей, форм собственности и ведомственной принадлежности, связанных с проектированием, монтажом, наладкой и эксплуатацией электроустановок.
|
| 606 |
1 |
|
|a Электрооборудование
|x Уход и обслуживание
|2 stltpush
|3 (RuTPU)RU\TPU\subj\20605
|9 45699
|
| 610 |
1 |
|
|a электроснабжение
|
| 610 |
1 |
|
|a электрические сети
|
| 610 |
1 |
|
|a электрические аппараты
|
| 610 |
1 |
|
|a проводники
|
| 610 |
1 |
|
|a короткое замыкание
|
| 610 |
1 |
|
|a стойкость
|
| 610 |
1 |
|
|a электроэнергия
|
| 610 |
1 |
|
|a учет
|
| 610 |
1 |
|
|a электрические величины
|
| 610 |
1 |
|
|a измерение
|
| 610 |
1 |
|
|a заземление
|
| 610 |
1 |
|
|a защитные меры
|
| 610 |
1 |
|
|a электробезопасность
|
| 610 |
1 |
|
|a приемосдаточные испытания
|
| 610 |
1 |
|
|a электрические установки
|
| 610 |
1 |
|
|a изоляция
|
| 610 |
1 |
|
|a электропроводка
|
| 610 |
1 |
|
|a токопроводы
|
| 610 |
1 |
|
|a кабельные линии
|
| 610 |
1 |
|
|a воздушные линии
|
| 610 |
1 |
|
|a электропередача
|
| 610 |
1 |
|
|a релейная защита
|
| 610 |
1 |
|
|a автоматика
|
| 610 |
1 |
|
|a автоматизированное управление
|
| 610 |
1 |
|
|a вторичные цепи
|
| 610 |
1 |
|
|a связь
|
| 610 |
1 |
|
|a телемеханика
|
| 610 |
1 |
|
|a распределительные устройства
|
| 610 |
1 |
|
|a подстанции
|
| 610 |
1 |
|
|a электросиловые установки
|
| 610 |
1 |
|
|a электроприводы
|
| 610 |
1 |
|
|a аккумуляторные установки
|
| 610 |
1 |
|
|a компенсирующие устройства
|
| 610 |
1 |
|
|a электрическое освещение
|
| 610 |
1 |
|
|a световая реклама
|
| 610 |
1 |
|
|a электротермические установки
|
| 610 |
1 |
|
|a электросварочные установки
|
| 610 |
1 |
|
|a торфяные электроустановки
|
| 610 |
1 |
|
|a электролизные установки
|
| 610 |
1 |
|
|a гальванические покрытия
|
| 610 |
1 |
|
|a правила
|
| 610 |
1 |
|
|a вопросы
|
| 610 |
1 |
|
|a ответы
|
| 675 |
|
|
|a 621.31.004
|v 3
|
| 702 |
|
1 |
|a Красник
|b В. В.
|4 220
|
| 801 |
|
1 |
|a RU
|b 63413507
|c 20140909
|
| 801 |
|
2 |
|a RU
|b 63413507
|c 20141110
|g RCR
|
| 942 |
|
|
|c BK
|
| 959 |
|
|
|a 128/20140908
|d 1
|e 330,00
|f ЧЗКДП:1
|